Building team-based working: a practical guide to organizational transformation (Record no. 447274)

000 -LEADER
fixed length control field 00471ngm a2200145 454500
008 - FIXED-LENGTH DATA ELEMENTS--GENERAL INFORMATION
fixed length control field 180718b2004 xxu||||| |||| 00| 0 eng d
020 ## - INTERNATIONAL STANDARD BOOK NUMBER
International Standard Book Number 1405106115
082 ## - DEWEY DECIMAL CLASSIFICATION NUMBER
Classification number I5 W52
100 ## - MAIN ENTRY--PERSONAL NAME
Personal name West, Michael A.
245 ## - TITLE STATEMENT
Title Building team-based working: a practical guide to organizational transformation
Statement of responsibility, etc. by Michael A. West and Lynn Markiewich
260 ## - PUBLICATION, DISTRIBUTION, ETC.
Place of publication, distribution, etc. Oxford
Name of publisher, distributor, etc. BPS Blackwell Book
Date of publication, distribution, etc. 2004
300 ## - PHYSICAL DESCRIPTION
Extent 172p.
650 ## - SUBJECT ADDED ENTRY--TOPICAL TERM
Topical term or geographic name entry element Teams in the workplace
700 ## - ADDED ENTRY--PERSONAL NAME
Personal name Markiewich, Lynn
Holdings
Withdrawn status Lost status Damaged status Not for loan Permanent Location Current Location Date acquired Full call number Barcode Date last seen Price effective from Koha item type
        Indian Institute of Public Administration Indian Institute of Public Administration 2010-03-16 I5 W52 CD530 2018-07-21 2018-07-21 CD

Powered by Koha